<?xml version="1.0" encoding="UTF-8"?>
<record
    xmlns:xsi="http://www.w3.org/2001/XMLSchema-instance"
    xsi:schemaLocation="http://www.loc.gov/MARC21/slim http://www.loc.gov/standards/marcxml/schema/MARC21slim.xsd"
    xmlns="http://www.loc.gov/MARC21/slim">

  <leader>00239nam a2200097Ia 4500</leader>
  <controlfield tag="008">170627s9999    xx            000 0 und d</controlfield>
  <datafield tag="100" ind1=" " ind2=" ">
    <subfield code="a">M.ADHIKARI</subfield>
  </datafield>
  <datafield tag="245" ind1=" " ind2="0">
    <subfield code="a">ECONOMIC ENVIRONMENT OF BUSINESS</subfield>
  </datafield>
  <datafield tag="260" ind1=" " ind2=" ">
    <subfield code="b">NEW DELHI SULTAN CHAND</subfield>
  </datafield>
  <datafield tag="260" ind1=" " ind2=" ">
    <subfield code="c">2009</subfield>
  </datafield>
  <datafield tag="546" ind1=" " ind2=" ">
    <subfield code="a">ENGLISH</subfield>
  </datafield>
  <datafield tag="999" ind1=" " ind2=" ">
    <subfield code="c">35728</subfield>
    <subfield code="d">35728</subfield>
  </datafield>
  <datafield tag="952" ind1=" " ind2=" ">
    <subfield code="0">0</subfield>
    <subfield code="1">0</subfield>
    <subfield code="2">ddc</subfield>
    <subfield code="4">0</subfield>
    <subfield code="7">0</subfield>
    <subfield code="a">21</subfield>
    <subfield code="b">21</subfield>
    <subfield code="d">2017-06-29</subfield>
    <subfield code="l">1</subfield>
    <subfield code="p">21-B-3796</subfield>
    <subfield code="r">2023-06-22</subfield>
    <subfield code="s">2023-06-22</subfield>
    <subfield code="w">2017-06-29</subfield>
    <subfield code="y">02</subfield>
  </datafield>
  <datafield tag="952" ind1=" " ind2=" ">
    <subfield code="0">0</subfield>
    <subfield code="1">0</subfield>
    <subfield code="2">ddc</subfield>
    <subfield code="4">0</subfield>
    <subfield code="7">0</subfield>
    <subfield code="a">21</subfield>
    <subfield code="b">21</subfield>
    <subfield code="d">2017-06-29</subfield>
    <subfield code="l">0</subfield>
    <subfield code="p">21-B-3797</subfield>
    <subfield code="r">2017-06-29</subfield>
    <subfield code="w">2017-06-29</subfield>
    <subfield code="y">02</subfield>
  </datafield>
  <datafield tag="952" ind1=" " ind2=" ">
    <subfield code="0">0</subfield>
    <subfield code="1">0</subfield>
    <subfield code="2">ddc</subfield>
    <subfield code="4">0</subfield>
    <subfield code="7">0</subfield>
    <subfield code="a">21</subfield>
    <subfield code="b">21</subfield>
    <subfield code="d">2017-06-29</subfield>
    <subfield code="l">0</subfield>
    <subfield code="p">21-B-3798</subfield>
    <subfield code="r">2017-06-29</subfield>
    <subfield code="w">2017-06-29</subfield>
    <subfield code="y">02</subfield>
  </datafield>
  <datafield tag="952" ind1=" " ind2=" ">
    <subfield code="0">0</subfield>
    <subfield code="1">0</subfield>
    <subfield code="2">ddc</subfield>
    <subfield code="4">0</subfield>
    <subfield code="7">0</subfield>
    <subfield code="a">21</subfield>
    <subfield code="b">21</subfield>
    <subfield code="d">2017-06-29</subfield>
    <subfield code="l">0</subfield>
    <subfield code="p">21-B-3799</subfield>
    <subfield code="r">2017-06-29</subfield>
    <subfield code="w">2017-06-29</subfield>
    <subfield code="y">02</subfield>
  </datafield>
  <datafield tag="952" ind1=" " ind2=" ">
    <subfield code="0">0</subfield>
    <subfield code="1">0</subfield>
    <subfield code="2">ddc</subfield>
    <subfield code="4">0</subfield>
    <subfield code="7">0</subfield>
    <subfield code="a">21</subfield>
    <subfield code="b">21</subfield>
    <subfield code="d">2017-06-29</subfield>
    <subfield code="l">0</subfield>
    <subfield code="p">21-B-3800</subfield>
    <subfield code="r">2017-06-29</subfield>
    <subfield code="w">2017-06-29</subfield>
    <subfield code="y">02</subfield>
  </datafield>
  <datafield tag="952" ind1=" " ind2=" ">
    <subfield code="0">0</subfield>
    <subfield code="1">0</subfield>
    <subfield code="2">ddc</subfield>
    <subfield code="4">0</subfield>
    <subfield code="7">0</subfield>
    <subfield code="a">21</subfield>
    <subfield code="b">21</subfield>
    <subfield code="d">2017-06-29</subfield>
    <subfield code="l">0</subfield>
    <subfield code="p">21-B-3801</subfield>
    <subfield code="r">2017-06-29</subfield>
    <subfield code="w">2017-06-29</subfield>
    <subfield code="y">02</subfield>
  </datafield>
  <datafield tag="952" ind1=" " ind2=" ">
    <subfield code="0">0</subfield>
    <subfield code="1">0</subfield>
    <subfield code="2">ddc</subfield>
    <subfield code="4">0</subfield>
    <subfield code="7">0</subfield>
    <subfield code="a">21</subfield>
    <subfield code="b">21</subfield>
    <subfield code="d">2017-06-29</subfield>
    <subfield code="l">0</subfield>
    <subfield code="p">21-B-3802</subfield>
    <subfield code="r">2017-06-29</subfield>
    <subfield code="w">2017-06-29</subfield>
    <subfield code="y">02</subfield>
  </datafield>
  <datafield tag="952" ind1=" " ind2=" ">
    <subfield code="0">0</subfield>
    <subfield code="1">0</subfield>
    <subfield code="2">ddc</subfield>
    <subfield code="4">0</subfield>
    <subfield code="7">0</subfield>
    <subfield code="a">21</subfield>
    <subfield code="b">21</subfield>
    <subfield code="d">2017-06-29</subfield>
    <subfield code="l">0</subfield>
    <subfield code="p">21-B-3803</subfield>
    <subfield code="r">2017-06-29</subfield>
    <subfield code="w">2017-06-29</subfield>
    <subfield code="y">02</subfield>
  </datafield>
  <datafield tag="952" ind1=" " ind2=" ">
    <subfield code="0">0</subfield>
    <subfield code="1">0</subfield>
    <subfield code="2">ddc</subfield>
    <subfield code="4">0</subfield>
    <subfield code="7">0</subfield>
    <subfield code="a">21</subfield>
    <subfield code="b">21</subfield>
    <subfield code="d">2017-06-29</subfield>
    <subfield code="l">0</subfield>
    <subfield code="p">21-B-3804</subfield>
    <subfield code="r">2017-06-29</subfield>
    <subfield code="w">2017-06-29</subfield>
    <subfield code="y">02</subfield>
  </datafield>
  <datafield tag="952" ind1=" " ind2=" ">
    <subfield code="0">0</subfield>
    <subfield code="1">0</subfield>
    <subfield code="2">ddc</subfield>
    <subfield code="4">0</subfield>
    <subfield code="7">0</subfield>
    <subfield code="a">21</subfield>
    <subfield code="b">21</subfield>
    <subfield code="d">2017-06-29</subfield>
    <subfield code="l">0</subfield>
    <subfield code="p">21-B-3805</subfield>
    <subfield code="r">2017-06-29</subfield>
    <subfield code="w">2017-06-29</subfield>
    <subfield code="y">02</subfield>
  </datafield>
  <datafield tag="952" ind1=" " ind2=" ">
    <subfield code="0">0</subfield>
    <subfield code="1">0</subfield>
    <subfield code="2">ddc</subfield>
    <subfield code="4">0</subfield>
    <subfield code="7">0</subfield>
    <subfield code="a">21</subfield>
    <subfield code="b">21</subfield>
    <subfield code="d">2017-06-29</subfield>
    <subfield code="l">0</subfield>
    <subfield code="p">21-B-3806</subfield>
    <subfield code="r">2017-06-29</subfield>
    <subfield code="w">2017-06-29</subfield>
    <subfield code="y">02</subfield>
  </datafield>
  <datafield tag="952" ind1=" " ind2=" ">
    <subfield code="0">0</subfield>
    <subfield code="1">0</subfield>
    <subfield code="2">ddc</subfield>
    <subfield code="4">0</subfield>
    <subfield code="7">0</subfield>
    <subfield code="a">21</subfield>
    <subfield code="b">21</subfield>
    <subfield code="d">2017-06-29</subfield>
    <subfield code="l">0</subfield>
    <subfield code="p">21-B-3807</subfield>
    <subfield code="r">2017-06-29</subfield>
    <subfield code="w">2017-06-29</subfield>
    <subfield code="y">02</subfield>
  </datafield>
  <datafield tag="952" ind1=" " ind2=" ">
    <subfield code="0">0</subfield>
    <subfield code="1">0</subfield>
    <subfield code="2">ddc</subfield>
    <subfield code="4">0</subfield>
    <subfield code="7">0</subfield>
    <subfield code="a">21</subfield>
    <subfield code="b">21</subfield>
    <subfield code="d">2017-06-29</subfield>
    <subfield code="l">0</subfield>
    <subfield code="p">21-B-3808</subfield>
    <subfield code="r">2017-06-29</subfield>
    <subfield code="w">2017-06-29</subfield>
    <subfield code="y">02</subfield>
  </datafield>
  <datafield tag="952" ind1=" " ind2=" ">
    <subfield code="0">0</subfield>
    <subfield code="1">0</subfield>
    <subfield code="2">ddc</subfield>
    <subfield code="4">0</subfield>
    <subfield code="7">0</subfield>
    <subfield code="a">21</subfield>
    <subfield code="b">21</subfield>
    <subfield code="d">2017-06-29</subfield>
    <subfield code="l">0</subfield>
    <subfield code="p">21-B-3809</subfield>
    <subfield code="r">2017-06-29</subfield>
    <subfield code="w">2017-06-29</subfield>
    <subfield code="y">02</subfield>
  </datafield>
  <datafield tag="952" ind1=" " ind2=" ">
    <subfield code="0">0</subfield>
    <subfield code="1">0</subfield>
    <subfield code="2">ddc</subfield>
    <subfield code="4">0</subfield>
    <subfield code="7">0</subfield>
    <subfield code="a">21</subfield>
    <subfield code="b">21</subfield>
    <subfield code="d">2017-06-29</subfield>
    <subfield code="l">0</subfield>
    <subfield code="p">21-B-3810</subfield>
    <subfield code="r">2017-06-29</subfield>
    <subfield code="w">2017-06-29</subfield>
    <subfield code="y">02</subfield>
  </datafield>
  <datafield tag="952" ind1=" " ind2=" ">
    <subfield code="0">0</subfield>
    <subfield code="1">0</subfield>
    <subfield code="2">ddc</subfield>
    <subfield code="4">0</subfield>
    <subfield code="7">0</subfield>
    <subfield code="a">21</subfield>
    <subfield code="b">21</subfield>
    <subfield code="d">2017-06-29</subfield>
    <subfield code="l">0</subfield>
    <subfield code="p">21-B-3811</subfield>
    <subfield code="r">2017-06-29</subfield>
    <subfield code="w">2017-06-29</subfield>
    <subfield code="y">02</subfield>
  </datafield>
  <datafield tag="952" ind1=" " ind2=" ">
    <subfield code="0">0</subfield>
    <subfield code="1">0</subfield>
    <subfield code="2">ddc</subfield>
    <subfield code="4">0</subfield>
    <subfield code="7">0</subfield>
    <subfield code="a">21</subfield>
    <subfield code="b">21</subfield>
    <subfield code="d">2017-06-29</subfield>
    <subfield code="l">0</subfield>
    <subfield code="p">21-B-3812</subfield>
    <subfield code="r">2017-06-29</subfield>
    <subfield code="w">2017-06-29</subfield>
    <subfield code="y">02</subfield>
  </datafield>
  <datafield tag="952" ind1=" " ind2=" ">
    <subfield code="0">0</subfield>
    <subfield code="1">0</subfield>
    <subfield code="2">ddc</subfield>
    <subfield code="4">0</subfield>
    <subfield code="7">0</subfield>
    <subfield code="a">21</subfield>
    <subfield code="b">21</subfield>
    <subfield code="d">2017-06-29</subfield>
    <subfield code="l">0</subfield>
    <subfield code="p">21-B-3813</subfield>
    <subfield code="r">2017-06-29</subfield>
    <subfield code="w">2017-06-29</subfield>
    <subfield code="y">02</subfield>
  </datafield>
  <datafield tag="952" ind1=" " ind2=" ">
    <subfield code="0">0</subfield>
    <subfield code="1">0</subfield>
    <subfield code="2">ddc</subfield>
    <subfield code="4">0</subfield>
    <subfield code="7">0</subfield>
    <subfield code="a">21</subfield>
    <subfield code="b">21</subfield>
    <subfield code="d">2017-06-29</subfield>
    <subfield code="l">0</subfield>
    <subfield code="p">21-B-3814</subfield>
    <subfield code="r">2017-06-29</subfield>
    <subfield code="w">2017-06-29</subfield>
    <subfield code="y">02</subfield>
  </datafield>
  <datafield tag="952" ind1=" " ind2=" ">
    <subfield code="0">0</subfield>
    <subfield code="1">0</subfield>
    <subfield code="2">ddc</subfield>
    <subfield code="4">0</subfield>
    <subfield code="7">0</subfield>
    <subfield code="a">21</subfield>
    <subfield code="b">21</subfield>
    <subfield code="d">2017-06-29</subfield>
    <subfield code="l">0</subfield>
    <subfield code="p">21-B-3815</subfield>
    <subfield code="r">2017-06-29</subfield>
    <subfield code="w">2017-06-29</subfield>
    <subfield code="y">02</subfield>
  </datafield>
  <datafield tag="952" ind1=" " ind2=" ">
    <subfield code="0">0</subfield>
    <subfield code="1">0</subfield>
    <subfield code="2">ddc</subfield>
    <subfield code="4">0</subfield>
    <subfield code="7">0</subfield>
    <subfield code="a">21</subfield>
    <subfield code="b">21</subfield>
    <subfield code="d">2017-06-29</subfield>
    <subfield code="l">0</subfield>
    <subfield code="p">21-B-3816</subfield>
    <subfield code="r">2017-06-29</subfield>
    <subfield code="w">2017-06-29</subfield>
    <subfield code="y">02</subfield>
  </datafield>
  <datafield tag="952" ind1=" " ind2=" ">
    <subfield code="0">0</subfield>
    <subfield code="1">0</subfield>
    <subfield code="2">ddc</subfield>
    <subfield code="4">0</subfield>
    <subfield code="7">0</subfield>
    <subfield code="a">21</subfield>
    <subfield code="b">21</subfield>
    <subfield code="d">2017-06-29</subfield>
    <subfield code="l">0</subfield>
    <subfield code="p">21-B-3817</subfield>
    <subfield code="r">2017-06-29</subfield>
    <subfield code="w">2017-06-29</subfield>
    <subfield code="y">02</subfield>
  </datafield>
  <datafield tag="952" ind1=" " ind2=" ">
    <subfield code="0">0</subfield>
    <subfield code="1">0</subfield>
    <subfield code="2">ddc</subfield>
    <subfield code="4">0</subfield>
    <subfield code="7">0</subfield>
    <subfield code="a">21</subfield>
    <subfield code="b">21</subfield>
    <subfield code="d">2017-06-29</subfield>
    <subfield code="l">0</subfield>
    <subfield code="p">21-B-3818</subfield>
    <subfield code="r">2017-06-29</subfield>
    <subfield code="w">2017-06-29</subfield>
    <subfield code="y">02</subfield>
  </datafield>
  <datafield tag="952" ind1=" " ind2=" ">
    <subfield code="0">0</subfield>
    <subfield code="1">0</subfield>
    <subfield code="2">ddc</subfield>
    <subfield code="4">0</subfield>
    <subfield code="7">0</subfield>
    <subfield code="a">21</subfield>
    <subfield code="b">21</subfield>
    <subfield code="d">2017-06-29</subfield>
    <subfield code="l">0</subfield>
    <subfield code="p">21-B-3819</subfield>
    <subfield code="r">2017-06-29</subfield>
    <subfield code="w">2017-06-29</subfield>
    <subfield code="y">02</subfield>
  </datafield>
  <datafield tag="952" ind1=" " ind2=" ">
    <subfield code="0">0</subfield>
    <subfield code="1">0</subfield>
    <subfield code="2">ddc</subfield>
    <subfield code="4">0</subfield>
    <subfield code="7">0</subfield>
    <subfield code="a">21</subfield>
    <subfield code="b">21</subfield>
    <subfield code="d">2017-06-29</subfield>
    <subfield code="l">0</subfield>
    <subfield code="p">21-B-3820</subfield>
    <subfield code="r">2017-06-29</subfield>
    <subfield code="w">2017-06-29</subfield>
    <subfield code="y">02</subfield>
  </datafield>
  <datafield tag="952" ind1=" " ind2=" ">
    <subfield code="0">0</subfield>
    <subfield code="1">0</subfield>
    <subfield code="2">ddc</subfield>
    <subfield code="4">0</subfield>
    <subfield code="7">0</subfield>
    <subfield code="a">21</subfield>
    <subfield code="b">21</subfield>
    <subfield code="d">2017-06-29</subfield>
    <subfield code="l">0</subfield>
    <subfield code="p">21-B-3821</subfield>
    <subfield code="r">2017-06-29</subfield>
    <subfield code="w">2017-06-29</subfield>
    <subfield code="y">02</subfield>
  </datafield>
  <datafield tag="952" ind1=" " ind2=" ">
    <subfield code="0">0</subfield>
    <subfield code="1">0</subfield>
    <subfield code="2">ddc</subfield>
    <subfield code="4">0</subfield>
    <subfield code="7">0</subfield>
    <subfield code="a">21</subfield>
    <subfield code="b">21</subfield>
    <subfield code="d">2017-06-29</subfield>
    <subfield code="l">0</subfield>
    <subfield code="p">21-B-3822</subfield>
    <subfield code="r">2017-06-29</subfield>
    <subfield code="w">2017-06-29</subfield>
    <subfield code="y">02</subfield>
  </datafield>
  <datafield tag="952" ind1=" " ind2=" ">
    <subfield code="0">0</subfield>
    <subfield code="1">0</subfield>
    <subfield code="2">ddc</subfield>
    <subfield code="4">0</subfield>
    <subfield code="7">0</subfield>
    <subfield code="a">21</subfield>
    <subfield code="b">21</subfield>
    <subfield code="d">2017-06-29</subfield>
    <subfield code="l">0</subfield>
    <subfield code="p">21-B-3823</subfield>
    <subfield code="r">2017-06-29</subfield>
    <subfield code="w">2017-06-29</subfield>
    <subfield code="y">02</subfield>
  </datafield>
  <datafield tag="952" ind1=" " ind2=" ">
    <subfield code="0">0</subfield>
    <subfield code="1">0</subfield>
    <subfield code="2">ddc</subfield>
    <subfield code="4">0</subfield>
    <subfield code="7">0</subfield>
    <subfield code="a">21</subfield>
    <subfield code="b">21</subfield>
    <subfield code="d">2017-06-29</subfield>
    <subfield code="l">0</subfield>
    <subfield code="p">21-B-3824</subfield>
    <subfield code="r">2017-06-29</subfield>
    <subfield code="w">2017-06-29</subfield>
    <subfield code="y">02</subfield>
  </datafield>
  <datafield tag="952" ind1=" " ind2=" ">
    <subfield code="0">0</subfield>
    <subfield code="1">0</subfield>
    <subfield code="2">ddc</subfield>
    <subfield code="4">0</subfield>
    <subfield code="7">0</subfield>
    <subfield code="a">21</subfield>
    <subfield code="b">21</subfield>
    <subfield code="d">2017-06-29</subfield>
    <subfield code="l">0</subfield>
    <subfield code="p">21-B-3825</subfield>
    <subfield code="r">2017-06-29</subfield>
    <subfield code="w">2017-06-29</subfield>
    <subfield code="y">02</subfield>
  </datafield>
</record>
